Lieux par lettre - O - Statistiques

Statistiques générales
  • Ce quiz a été pris 60 fois
  • Le résultat moyen est 15 sur 20
Statistiques - réponses
Indice Lieu % Correct
Continent qui regroupe l'Australie et un ensemble de 25 000 îles Océanie
98%
Pays d'Asie centrale Ouzbékistan
98%
Jeanne d'Arc sauva cette ville des anglais Orléans
97%
Sultanat sur la péninsule arabique Oman
95%
Ville accueillant la plus ancienne université d'Angleterre Oxford
95%
Domaine des Dieux, dans la mythologie grecque Olympe
92%
Deuxième ville d’Algérie par sa population Oran
92%
Pays bordant le lac Victoria, au nord Ouganda
88%
Le Prix Nobel de la paix y est décerné Oslo
83%
Pays où Dorothée et son chien recherchent un Magicien Oz
83%
État des États-Unis bordant l'océan Pacifique Orégon
82%
Départements français Oise
80%
Province de Toronto Ontario
77%
Départements français Orne
75%
Plus grande ville ukrainienne sur la Mer Noire Odessa
68%
Île de Bretagne la plus à l'ouest Ouessant
67%
Île de naissance du karaté Okinawa
40%
Arrière-pays semi-aride d'Australie Outback
30%
Territoire du roi Lot dans la légende arthurienne Orcanie
18%
Tour de Saroumane, située en Isengard Orthanc
13%
Aucun quiz correspondant
Distribution des résultats
% des personnes avec chaque résultat
Percentile par nombre de réponses
Votre historique - résultats
Vous n’avez pas pris ce quiz